Cazadores del desierto (Record no. 144413)

MARC details
000 -LEADER
campo de control de longitud fija 00640nam a2200193 4500
001 - NÚMERO DE CONTROL
campo de control 144413
003 - IDENTIFICADOR DE NÚMERO DE CONTROL
campo de control ES-MaACL
007 - CAMPO FIJO DE DESCRIPCIÓN FÍSICA--INFORMACIÓN GENERAL
campo de control de longitud fija t|
008 - DATOS DE LONGITUD FIJA--INFORMACIÓN GENERAL
campo de control de longitud fija 070214s1983 sp r ||||1| spa d
100 1# - ENTRADA PRINCIPAL--NOMBRE DE PERSONA
Nombre de persona Silberbauer, G.
9 (RLIN) 106330
245 10 - MENCIÓN DEL TÍTULO
Título Cazadores del desierto
Resto del título : cazadores y habitat en el desierto de Kalahari /
Mención de responsabilidad, etc. G. Silberbauer ; traducción de Lidia Porta.
260 ## - PUBLICACIÓN, DISTRIBUCIÓN, ETC.
Lugar de publicación, distribución, etc. Barcelona :
Nombre del editor, distribuidor, etc. Mitre,
Fecha de publicación, distribución, etc. 1983.
300 ## - DESCRIPCIÓN FÍSICA
Extensión 344 p., 4 lám. :
Otras características físicas il. ;
Dimensiones 22 cm.
490 1# - MENCIÓN DE SERIE
Mención de serie Textos de antropología
700 1# - ENTRADA AGREGADA--NOMBRE PERSONAL
Nombre de persona Porta, Lidia.
9 (RLIN) 93174
830 0# - PUNTO DE ACCESO ADICIONAL DE SERIE-TÍTULO UNIFORME
Título uniforme Textos de antropología
9 (RLIN) 182854
852 ## - LOCALIZACIÓN
Ubicación ES-MaACL
Número de control de estantería L-4465
Sublocalización o colección R.105428
Holdings
Estatus retirado Estado de pérdida Estado de daño No para préstamo Biblioteca de origen Biblioteca actual Ubicación en estantería Fecha de adquisición Fuente de adquisición Total de préstamos Signatura topográfica completa Código de barras Visto por última vez Precio de reemplazo Tipo de ítem Koha
        Biblioteca del Ateneo de Madrid Biblioteca del Ateneo de Madrid Depósito 2 17/01/2008     L-4465 1150253 23/02/2023 23/02/2023 Libro impreso